Statistics for Every Song by Pantera

Click here to take the quiz!

General Stats

  • This quiz has been taken 16 times
    (15 since last reset)
  • The average score is 34 of 98

Answer Stats

AlbumSong% Correct
Vulgar Display of Power(1992)Walk
100%
Cowboys from Hell(1990)Cemetery Gates
89%
Cowboys from Hell(1990)Cowboys from Hell
89%
The Great Southern Trendkill(1996)Floods
89%
The Great Southern Trendkill(1996)The Great Southern Trendkill
89%
Cowboys from Hell(1990)Domination
78%
The Great Southern Trendkill(1996)10's
67%
Vulgar Display of Power(1992)Fucking Hostile
67%
Vulgar Display of Power(1992)Hollow
67%
I Am the Night(1985)I Am the Night
67%
Vulgar Display of Power(Bonus)(1992)Piss
67%
Reinventing the Steel(2000)Revolution is My Name
67%
Far Beyond Driven(1994)5 Minutes Alone
56%
Vulgar Display of Power(1992)A New Level
56%
The Great Southern Trendkill(1996)Drag the Waters
56%
Far Beyond Driven(1994)I'm Broken
56%
Cowboys from Hell(1990)Medicine Man
56%
Metal Magic(1983)Metal Magic
56%
Vulgar Display of Power(1992)Mouth for War
56%
Power Metal(1988)Power Metal
56%
Cowboys from Hell(1990)Primal Concrete Sledge
56%
Projects in the Jungle(1984)Projects in the Jungle
56%
The Great Southern Trendkill(1996)Suicide Note Pt. I
56%
The Great Southern Trendkill(1996)Suicide Note Pt. II
56%
Cowboys from Hell(1990)The Sleep
56%
Vulgar Display of Power(1992)This Love
56%
The Great Southern Trendkill(1996)13 Steps to Nowhere
44%
Far Beyond Driven(1994)Becoming
44%
Vulgar Display of Power(1992)By Demons Be Driven
44%
Reinventing the Steel(2000)Goddamn Electric
44%
Cowboys from Hell(1990)Message in Blood
44%
Vulgar Display of Power(1992)No Good (Attack the Radical)
44%
Cowboys from Hell(1990)Psycho Holiday
44%
Vulgar Display of Power(1992)Rise
44%
Cowboys from Hell(1990)Shattered
44%
Far Beyond Driven(1994)Shedding Skin
44%
Far Beyond Driven(1994)Strength Beyond Strength
44%
Cowboys from Hell(1990)The Art of Shredding
44%
Power Metal(1988)Burnnn!
33%
Reinventing the Steel(2000)Death Rattle
33%
I Am the Night(1985)Forever Tonight
33%
Far Beyond Driven(1994)Good Friends and a Bottle of Pills
33%
Reinventing the Steel(2000)I'll Cast a Shadow
33%
Vulgar Display of Power(1992)Live in a Hole
33%
Vulgar Display of Power(1992)Regular People (Conceit)
33%
Far Beyond Driven(1994)Slaughtered
33%
The Great Southern Trendkill(1996)War Nerve
33%
Reinventing the Steel(2000)Yesterday Don't Mean Shit
33%
Far Beyond Driven(1994)25 Years
22%
Cowboys from Hell(1990)Clash with Reality
22%
Far Beyond Driven(1994)Hard Lines, Sunken Cheeks
22%
Power Metal(1988)Hard Ride
22%
Reinventing the Steel(2000)Hellbound
22%
Cowboys from Hell(1990)Heresy
22%
I Am the Night(1985)Hot and Heavy
22%
Official Live: 101 Proof(1997)I Can't Hide
22%
Projects in the Jungle(1984)Like Fire
22%
The Great Southern Trendkill(1996)Living Through Me (Hells' Wrath)
22%
Metal Magic(1983)Nothin' On (But the Radio)
22%
Power Metal(1988)Over and Out
22%
Power Metal(1988)Proud to Be Loud
22%
The Great Southern Trendkill(1996)(Reprise) Sandblasted Skin
22%
Metal Magic(1983)Ride My Rocket
22%
Projects in the Jungle(1984)Takin' My Life
22%
Metal Magic(1983)Tell Me If You Want It
22%
The Great Southern Trendkill(1996)The Underground in America
22%
Far Beyond Driven(1994)Throes of Rejection
22%
Far Beyond Driven(1994)Use My Third Arm
22%
Reinventing the Steel(2000)We'll Grind That Axe for a Long Time
22%
Power Metal(1988)We'll Meet Again
22%
Reinventing the Steel(2000)You've Got to Belong to It
22%
Projects in the Jungle(1984)All Over Tonight
11%
Metal Magic(1983)Biggest Part of Me
11%
Projects in the Jungle(1984)Blue Light Turnin' Red
11%
I Am the Night(1985)Come-On Eyes
11%
I Am the Night(1985)Daughters of the Queen
11%
Power Metal(1988)Death Trap
11%
I Am the Night(1985)D*G*T*T*M" (Darrell Goes to the Movies)
11%
I Am the Night(1985)Down Below
11%
Power Metal(1988)Down Below
11%
Projects in the Jungle(1984)Heavy Metal Rules!
11%
Metal Magic(1983)I'll Be Alright
11%
Projects in the Jungle(1984)In Over My Head
11%
Reinventing the Steel(2000)It Makes Them Disappear
11%
Projects in the Jungle(1984)Killers
11%
Metal Magic(1983)Latest Lover
11%
Projects in the Jungle(1984)Only a Heartbeat Away
11%
I Am the Night(1985)Onward We Rock!
11%
Projects in the Jungle(1984)Out for Blood
11%
Power Metal(1988)P*S*T*88
11%
I Am the Night(1985)Right on the Edge
11%
Metal Magic(1983)Rock Out!
11%
Power Metal(1988)Rock the World
11%
Metal Magic(1983)Sad Lover
11%
Reinventing the Steel(2000)Uplift
11%
I Am the Night(1985)Valhalla
11%
Official Live: 101 Proof(1997)Where You Come From
11%
Metal Magic(1983)Widowmaker
11%

Score Distribution

Percentile by Number Answered

Percent of People with Each Score

Your Score History

You have not taken this quiz since the last reset